Normal view
MARC view
Entry Topical Term
001 - CONTROL NUMBER
- control field: 755020
003 - CONTROL NUMBER IDENTIFIER
- control field: OSt
005 - DATE AND TIME OF LATEST TRANSACTION
- control field: 20250507130202.0
008 - FIXED-LENGTH DATA ELEMENTS
- fixed length control field: 250507|| aca||aabn | a|a d
040 ## - CATALOGING SOURCE
- Original cataloging agency: OSt
- Transcribing agency: OSt
150 ## - HEADING--TOPICAL TERM
- Topical term or geographic name entry element: China; Chinese history
670 ## - SOURCE DATA FOUND
- Source citation: Work cat.: (OSt)1318196: Bello Dravid A 662231, To go where no han could go for long: Malaria and the qing construction of ethnic adminstrative space in frontier yunnan, 2005
